| 000 | 00644nam a2200193 i 4500 | ||
|---|---|---|---|
| 001 | 108348 | ||
| 003 | ES-MaACL | ||
| 005 | 20240209063118.0 | ||
| 007 | t| | ||
| 008 | 061121s1967 sp f |||| |bspa d | ||
| 100 | 1 |
_aMontero Alonso, José, _d1904-2000 _982506 |
|
| 245 | 1 | 0 |
_aJacinto Benavente _b: su vida y su teatro / _cJosé Montero Alonso. |
| 260 |
_aMadrid : _b[s.n.], _c1967 ( _fImp. Suc. de Rivadeneyra) |
||
| 300 |
_a349 p., 8 lám. ; _c21 cm. |
||
| 600 | 1 | 7 |
_aBenavente, Jacinto, _d1866-1954- _xCrítica e interpretación _2 _9169710 |
| 852 |
_aES-MaACL _jC-34696 |
||
| 852 |
_aES-MaACL _jC-35256 |
||
| 999 |
_c108348 _d108348 |
||